000 00403nam a2200145 i 4500
001 76541
003 ES-MaACL
005 20230906172856.0
007 t|
008 041004s1971 sp ||||1| spa d
245 0 0 _aGuía industrial, comercial y profesional
_b: Baleares, 1971.
260 _aPalma de Mallorca :
_bPublisla,
_c1971.
300 _a518 p. ;
_c28 cm.
852 _aES-MaACL
_jC-41066
_bR.78956
999 _c76541
_d76541